00369nam a2200121 a 4500008004100000050001600041100001800057245007900075260004300154300002400197350000900221700001700230120416s1984 ||||||||||||||||| || u aTH 1094 Gro aAttewell, P.B10aGround movements and their effects on structurescedited by P. B. Attewell aGlasgowbSurrey University Pressc1984 axviii, 441p. : ill. a0.00 aTaylor, R. K